000
00219nam a2200109 4500
999
_c
533554
_d
533554
040
_c
DLC
082
_a
813.54
_b
USA
100
_a
David Baldacci
_9
27490
245
_a
Simple Genius
300
_a
420p
942
_2
ddc
_c
BK